Aufgabensammlung zur infinitesimalrechnung

Saved in:
Bibliographic Details
Main Author: Ostrowski, A. M. (Alexander Markowich), 1893-1986
Format: Book
Language:German
Published: Basel : Birkhauser Verlag, 1964-1977
Series:Lehrbucher und Monographien aus dem Gebiete der exakten Wissenschaften. Mathematiche Reine ; ; 28, 38, 47, 56
Subjects:
Tags: Add Tag
No Tags, Be the first to tag this record!

MARC

LEADER 00000cam a2200000 i 4500
001 1/98248
008 081126m19641977 ger d
035 |l 10102023 
040 |a GR-MY-UA  |b gre  |e aacr 
041 0 |a ger 
082 0 |a 515   |2 (22) 
100 1 |a Ostrowski, A. M.   |q (Alexander Markowich),   |d 1893-1986. 
245 1 0 |a Aufgabensammlung zur infinitesimalrechnung /  |c A. Ostrowski 
260 |a Basel :   |b Birkhauser Verlag,   |c 1964-1977 
300 |a 4 τ.;  |c 25 εκ. 
490 1 |a (Lehrbocher und Monographien aus dem Gebiete der exakten Wissenschaften. Mathematische Reihe) Mathematische Reihe  |v ; 28, 38, 47, 56 
505 0 |a T.1. Funktionen einer Variablen -- T.2.A. Differentialrechnung auf dem Gebiete mehrerer Variablen, Aufgaben und Hinweise -- Τ. 2.B. Differentialrechnung auf dem Gebiete mehrerer Variablen, Losungen -- Τ. 3 Integralrechnung auf dem Gebiete mahrerer Variablen 
650 0 0 |a Mathematical analysis  |x Problems, exercises, etc. 
740 0 2 |a Funktionen einer Variablen. 
740 0 2 |a Differentialrechnung auf dem Gebiete mehrerer Variablen, Aufgaben und Hinweise. 
740 0 2 |a Differentialrechnung auf dem Gebiete mehrerer Variablen, Losungen. 
740 0 2 |a Integralrechnung auf dem Gebiete mahrerer Variablen 
830 0 |a Lehrbucher und Monographien aus dem Gebiete der exakten Wissenschaften. Mathematiche Reine ;  |v ; 28, 38, 47, 56 
852 |a INST  |b SAMOS  |c MAG  |e 20081126  |h 515 OST  |p 005300029579  |q 005300029579  |t BK  |v τ.3:  |y 0  |z τ.3 
852 |a INST  |b SAMOS  |c MAG  |e 20081126  |h 515 OST  |p 005300029580  |q 005300029580  |t BK  |v τ.2 B:  |y 0  |z τ.2 
852 |a INST  |b SAMOS  |c MAG  |e 20150713  |h 515 OST  |p 005300035617  |q 005300035617  |t BK  |v τ.2 A:  |y 0 
852 |a INST  |b SAMOS  |c MAG  |e 20150713  |h 515 OST  |p 005300035618  |q 005300035618  |t BK  |v τ.1:  |y 0 
853 |a INST  |b SAMOS  |c MAG  |h 515 OST 
901 |a BIBL3-2008-3 
909 |a Σ  |b 155399 
909 |a Σ  |b 155400 
970 |a ΡΟΥΣΣΟΥ  |b ΚΩΝΣΤΑΝΤΙΝΑ  |z 2008/11/26